Statistics for All 100k+ Cities in South Africa on a Map

Click here to take the quiz!

General Stats

  • This quiz has been taken 386 times
  • The average score is 13 of 32

Answers on the Map

Answers color-coded by a green-red scale on the quiz's map according to % correct below.
 

Answer Stats

PopCity% Correct
3.43 mCape Town
98%
7.86 mJohannesburg
98%
1.76 mPretoria
96%
2.78 mDurban
93%
464 kBloemfontein
90%
876 kPort Elizabeth
89%
296 kEast London
68%
475 kPietermaritzburg
51%
225 kKimberley
50%
227 kPolokwane
38%
157 kGeorge
36%
377 kVereeniging
35%
291 kNewcastle
34%
198 kPaarl
34%
211 kWelkom
34%
312 kRustenburg
29%
311 kWitbank
27%
189 kKlerksdorp
24%
120 kLadysmith
24%
149 kPotchefstroom
23%
728 kSoshanguve
23%
606 kEvaton
22%
138 kMthatha
22%
243 kUitenhage
22%
164 kMiddelburg
20%
113 kSasolburg
18%
182 kBotshabelo
17%
188 kSomerset West
17%
135 kKwaDukuza
16%
149 kCarletonville
15%
172 kMdantsane
15%
119 kEmbalenhle
11%

Score Distribution

Percentile by Number Answered

Percent of People with Each Score

Your Score History

You have not taken this quiz